[Event "Poznan op 27th"]
[Site "Poznan"]
[Date "2019.08.25"]
[Round "9"]
[White "Hoffmann, Piotr"]
[Black "Kozlowska, Marzena"]
[Result "0-1"]
[WhiteElo "1635"]
[BlackElo "1883"]
[PlyCount "60"]
[EventDate "2019.08.18"]
[EventType "swiss"]
[EventRounds "9"]
[EventCountry "POL"]
[SourceTitle "EXT 2020"]
[Source "ChessBase"]
[SourceDate "2019.10.17"]
[SourceVersion "1"]
[SourceVersionDate "2019.10.17"]
[SourceQuality "1"]

1. Nc3 e6 2. e3 d5 3. e4 dxe4 4. Nxe4 Nf6 5. Qf3 Be7 6. Bc4 a6 7. Ne2 Nc6 8. Bb3 Ne5 9. Nxf6+ Bxf6 10. Qe4 c5 11. 0-0 Bd7 12. d4 Bc6 13. d5 exd5 14. Qe3 d4 15. Qg3 0-0 16. Bf4 Ng6 17. Bc7 Qc8 18. Bd6 Re8 19. Rfe1 Be4 20. Nf4 c4 21. Nxg6 hxg6 22. f3 cxb3 23. fxe4 bxc2 24. Qd3 Qc6 25. Bf4 g5 26. Bd2 Rac8 27. Rec1 Qc4 28. Qf3 d3 29. Rf1 Qxe4 30. Qh5 Qe2 0-1

[Event "Srem-ch LKS Piast"]
[Site "Srem"]
[Date "2019.02.16"]
[Round "4.1"]
[White "Kozlowska, Marzena"]
[Black "Simon, Marek"]
[Result "1-0"]
[WhiteElo "1890"]
[BlackElo "1904"]
[PlyCount "85"]
[EventDate "2019.02.15"]
[EventType "tourn"]
[EventRounds "9"]
[EventCountry "POL"]
[SourceTitle "EXT 2023"]
[Source "ChessBase"]
[SourceDate "2022.10.05"]
[SourceVersion "1"]
[SourceVersionDate "2022.10.05"]
[SourceQuality "1"]

1. e4 c6 2. d4 d5 3. exd5 cxd5 4. c4 Nf6 5. Nc3 Nc6 6. Nf3 Bg4 7. cxd5 Nxd5 8. Qb3 Bxf3 9. gxf3 e6 10. Qxb7 Nxd4 11. Bb5+ Nxb5 12. Qc6+ Ke7 13. Qxb5 Qd7 14. Nxd5+ Qxd5 15. Qxd5 exd5 16. Bf4 Ke6 17. Rc1 Bb4+ 18. Ke2 Rac8 19. Rhg1 g6 20. Kd3 Kf5 21. Bg3 h5 22. Bc7 Rhe8 23. a3 Bf8 24. b4 Re6 25. f4 f6 26. Kd4 Re2 27. Kxd5 Rxf2 28. Kc6 Re8 29. Rgd1 Re6+ 30. Kb7 Re3 31. Rd5+ Ke6 32. Ra5 Ra2 33. Rxa7 Rexa3 34. Rxa3 Rxa3 35. b5 Ra2 36. b6 Bb4 37. Kc6 Ba5 38. b7 Bxc7 39. Kxc7 Rb2 40. Rc6+ Ke7 41. b8Q Rxb8 42. Kxb8 h4 43. Kc7 1-0

[Event "Srem-ch LKS Piast"]
[Site "Srem"]
[Date "2019.02.16"]
[Round "9.1"]
[White "Wlodarczak, Damian"]
[Black "Kozlowska, Marzena"]
[Result "0-1"]
[WhiteElo "1750"]
[BlackElo "1890"]
[PlyCount "108"]
[EventDate "2019.02.15"]
[EventType "tourn"]
[EventRounds "9"]
[EventCountry "POL"]
[SourceTitle "EXT 2023"]
[Source "ChessBase"]
[SourceDate "2022.10.05"]
[SourceVersion "1"]
[SourceVersionDate "2022.10.05"]
[SourceQuality "1"]

1. d4 e6 2. c4 d5 3. Nf3 Nf6 4. e3 Be7 5. Nc3 0-0 6. cxd5 exd5 7. Bd3 Bg4 8. h3 Be6 9. Ne5 Nbd7 10. f4 Nxe5 11. fxe5 Ne8 12. 0-0 g6 13. e4 c6 14. Bh6 Ng7 15. exd5 cxd5 16. Qb3 Bg5 17. Bxg5 Qxg5 18. Rf3 Nh5 19. Raf1 Ng3 20. R1f2 Ne4 21. Bxe4 dxe4 22. Nxe4 Qc1+ 23. Rf1 Qxf1+ 24. Kxf1 Bxb3 25. axb3 Rad8 26. Nf6+ Kg7 27. d5 Rc8 28. d6 Rfd8 29. d7 Rc6 30. Rc3 h5 31. Kf2 Rxf6+ 32. exf6+ Kxf6 33. Rc7 Ke6 34. Rxb7 Rxd7 35. Rxd7 Kxd7 36. Ke3 Kc6 37. Ke4 f6 38. Kd4 Kb5 39. Kd5 Kb4 40. Ke6 Kxb3 41. Kxf6 Kxb2 42. Kxg6 h4 43. Kh5 a5 44. Kxh4 a4 45. g4 a3 46. g5 a2 47. Kh5 a1Q 48. h4 Qe1 49. g6 Qg3 50. Kh6 Qxh4+ 51. Kg7 Kc3 52. Kf7 Qh5 53. Kf6 Kd4 54. g7 Qe8 0-1

[Event "Srem-ch LKS Piast"]
[Site "Srem"]
[Date "2019.02.15"]
[Round "1.1"]
[White "Hoffmann, Piotr"]
[Black "Kozlowska, Marzena"]
[Result "0-1"]
[WhiteElo "1649"]
[BlackElo "1890"]
[PlyCount "64"]
[EventDate "2019.02.15"]
[EventType "tourn"]
[EventRounds "9"]
[EventCountry "POL"]
[SourceTitle "EXT 2023"]
[Source "ChessBase"]
[SourceDate "2022.10.05"]
[SourceVersion "1"]
[SourceVersionDate "2022.10.05"]
[SourceQuality "1"]

1. Nc3 d5 2. e4 d4 3. Nb1 e5 4. Bc4 Nf6 5. d3 h6 6. h3 Bd6 7. Ne2 c5 8. 0-0 a6 9. a4 Nc6 10. f4 Qc7 11. fxe5 Nxe5 12. Na3 Nxc4 13. Nxc4 Bh2+ 14. Kh1 Be6 15. Nb6 Rd8 16. a5 Nh5 17. Rf3 g5 18. g4 Ng3+ 19. Nxg3 Bxg3 20. Kg2 Bh4 21. Qe2 h5 22. Nd5 Qe5 23. Nf6+ Ke7 24. Nxh5 Rxh5 25. gxh5 g4 26. hxg4 Bxg4 27. Qf1 Qxh5 28. Rf5 Bxf5 29. Qxf5 Rg8+ 30. Kh3 Bg5+ 31. Kg2 Be3+ 32. Kf1 Rg1# 0-1

[Event "Poznan op 26th"]
[Site "Poznan"]
[Date "2018.08.23"]
[Round "6"]
[White "Grochowski, Michal"]
[Black "Kozlowska, Marzena"]
[Result "1/2-1/2"]
[WhiteElo "1781"]
[BlackElo "1901"]
[PlyCount "57"]
[EventDate "2018.08.19"]
[EventType "swiss"]
[EventRounds "9"]
[EventCountry "POR"]
[SourceTitle "CBM 186 Extra"]
[Source "ChessBase"]
[SourceDate "2018.08.24"]
[SourceVersion "1"]
[SourceVersionDate "2018.08.24"]
[SourceQuality "1"]

1. e4 e6 2. b3 d5 3. Bb2 dxe4 4. Nc3 Nf6 5. Qe2 Nc6 6. Nxe4 Nxe4 7. Qxe4 Qd5 8. Qxd5 exd5 9. 0-0-0 Be6 10. Nf3 h6 11. Bb5 0-0-0 12. Bxc6 bxc6 13. Rde1 Rg8 14. Ne5 Kb7 15. f4 Bd6 16. Rhf1 Bxe5 17. Bxe5 g6 18. Bd4 Rde8 19. Re3 Bd7 20. Rfe1 Rxe3 21. Rxe3 Re8 22. Rxe8 Bxe8 23. d3 Bd7 24. Kd2 a5 25. a4 h5 26. Ke3 Be6 27. Kd2 Ka6 28. h3 Kb7 29. Ke3 1/2-1/2

[Event "Srem-ch LKS Piast"]
[Site "Srem"]
[Date "2017.02.17"]
[Round "8.3"]
[White "Gorski, Boguslaw"]
[Black "Kozlowska, Marzena"]
[Result "0-1"]
[WhiteElo "1736"]
[BlackElo "1933"]
[PlyCount "69"]
[EventDate "2017.02.17"]
[EventType "tourn"]
[EventRounds "9"]
[EventCountry "POL"]
[SourceTitle "EXT 2023"]
[Source "ChessBase"]
[SourceDate "2022.10.05"]
[SourceVersion "1"]
[SourceVersionDate "2022.10.05"]
[SourceQuality "1"]

1. d4 d6 2. Nf3 g6 3. c4 Bg7 4. Nc3 Nc6 5. e3 e5 6. dxe5 Nxe5 7. Nxe5 Bxe5 8. Be2 Be6 9. Bd2 Ne7 10. Rc1 0-0 11. 0-0 Nf5 12. e4 Nd4 13. f4 Nxe2+ 14. Qxe2 Bd4+ 15. Kh1 f5 16. b3 Bg7 17. Qd3 Qd7 18. exf5 Rxf5 19. Ne4 Kh8 20. Ng5 Bg8 21. Qh3 d5 22. cxd5 Rxd5 23. Qxd7 Rxd7 24. Nf3 Bd5 25. Bb4 g5 26. Bc3 Bxc3 27. Rxc3 Bxf3 28. Rcxf3 Rd2 29. R3f2 Rxf2 30. Rxf2 a5 31. g4 h6 32. Kg2 Rf8 33. Re2 Kg8 34. Kf3 Rf6 35. Ke4 0-1

[Event "Srem-ch LKS Piast"]
[Site "Srem"]
[Date "2017.02.17"]
[Round "5.5"]
[White "Kozlowska, Marzena"]
[Black "Janicki, Rafal"]
[Result "1-0"]
[WhiteElo "1933"]
[BlackElo "1679"]
[PlyCount "87"]
[EventDate "2017.02.17"]
[EventType "tourn"]
[EventRounds "9"]
[EventCountry "POL"]
[SourceTitle "EXT 2023"]
[Source "ChessBase"]
[SourceDate "2022.10.05"]
[SourceVersion "1"]
[SourceVersionDate "2022.10.05"]
[SourceQuality "1"]

1. e4 c5 2. Nf3 Nc6 3. d4 cxd4 4. Nxd4 Nf6 5. Nc3 e5 6. Ndb5 d6 7. Bd3 a6 8. Na3 Be6 9. 0-0 b5 10. Nd5 Be7 11. Nxe7 Qxe7 12. c4 bxc4 13. Nxc4 0-0 14. Bg5 Rfd8 15. Nb6 Rab8 16. Nd5 Bxd5 17. exd5 Nd4 18. b3 Nb5 19. Kh1 h6 20. Bxb5 Rxb5 21. Bxf6 Qxf6 22. Rc1 Qe7 23. Rc6 Qb7 24. Qd3 Rc5 25. Qxa6 Qxa6 26. Rxa6 Rxd5 27. Rc1 Rd2 28. Kg1 d5 29. Kf1 e4 30. Ke1 e3 31. fxe3 Rxg2 32. Rc7 Re8 33. Raa7 Rxe3+ 34. Kf1 Ree2 35. Rxf7 d4 36. Rxg7+ Rxg7 37. Rxg7+ Kxg7 38. Kxe2 Kf6 39. a4 Ke5 40. Kd3 Kd5 41. b4 Ke5 42. h4 Kd5 43. a5 Ke5 44. a6 1-0

[Event "Srem-ch LKS Piast"]
[Site "Srem"]
[Date "2017.02.17"]
[Round "9.3"]
[White "Kozlowska, Marzena"]
[Black "Lisiecki, Robert"]
[Result "1-0"]
[WhiteElo "1933"]
[BlackElo "1785"]
[PlyCount "81"]
[EventDate "2017.02.17"]
[EventType "tourn"]
[EventRounds "9"]
[EventCountry "POL"]
[SourceTitle "EXT 2023"]
[Source "ChessBase"]
[SourceDate "2022.10.05"]
[SourceVersion "1"]
[SourceVersionDate "2022.10.05"]
[SourceQuality "1"]

1. b4 e5 2. Bb2 d6 3. e3 f5 4. Nf3 Nf6 5. Be2 c6 6. c4 Be6 7. 0-0 Be7 8. d4 e4 9. Nfd2 d5 10. cxd5 Nxd5 11. a3 Nd7 12. Nc3 N7f6 13. Rc1 g5 14. Na4 h5 15. Nc5 Bxc5 16. bxc5 Qc7 17. Nc4 Ng4 18. Nd6+ Ke7 19. Rb1 Rad8 20. Ba1 Rxd6 21. cxd6+ Qxd6 22. Rxb7+ Kf6 23. g3 h4 24. Bxg4 fxg4 25. Rxa7 Kg6 26. Qb1 Kf5 27. Qb7 Nf6 28. Qc7 Qf8 29. Qe7 Kg6 30. Qxe6 Qh6 31. d5 hxg3 32. Qxf6+ Kh5 33. Qxh8 gxh2+ 34. Kxh2 Kg6+ 35. Qxh6+ Kxh6 36. Kg3 cxd5 37. Ra6+ Kh7 38. Rh1+ Kg8 39. Ra7 d4 40. Bxd4 Kf8 41. Rh8# 1-0

[Event "Srem-ch LKS Piast"]
[Site "Srem"]
[Date "2017.02.17"]
[Round "1.4"]
[White "Kozlowski, Tomasz1111"]
[Black "Kozlowska, Marzena"]
[Result "0-1"]
[WhiteElo "1866"]
[BlackElo "1933"]
[PlyCount "142"]
[EventDate "2017.02.17"]
[EventType "tourn"]
[EventRounds "9"]
[EventCountry "POL"]
[SourceTitle "EXT 2023"]
[Source "ChessBase"]
[SourceDate "2022.10.05"]
[SourceVersion "1"]
[SourceVersionDate "2022.10.05"]
[SourceQuality "1"]

1. c4 d6 2. d4 g6 3. Nc3 Bg7 4. e4 Nc6 5. Be3 Nf6 6. f3 0-0 7. g4 e5 8. d5 Nd4 9. Bg2 c5 10. dxc6 bxc6 11. g5 Nh5 12. Nge2 Be6 13. b3 Nxe2 14. Nxe2 Nf4 15. Nxf4 exf4 16. Bxf4 Bxa1 17. Qxa1 d5 18. cxd5 cxd5 19. Kf2 dxe4 20. Rd1 Qb6+ 21. Kg3 Rad8 22. fxe4 Rxd1 23. Qxd1 Rd8 24. Qe1 Qd4 25. h4 Qd1 26. Qf2 Bc8 27. Bf3 Qd4 28. Qxd4 Rxd4 29. Be3 Rd7 30. Kf4 a6 31. b4 Rd3 32. a4 Rb3 33. Bc5 Bd7 34. a5 Rb2 35. h5 gxh5 36. Bxh5 Rh2 37. Bf3 Kg7 38. Bd4+ Kg6 39. Bf6 h6 40. e5 Rh4+ 41. Kg3 hxg5 42. Be2 Rxb4 43. Bxa6 Rb3+ 44. Kf2 Kf5 45. Bc4 Ra3 46. Bxf7 Rxa5 47. Bb3 Ra3 48. Bg8 g4 49. Bd8 Rf3+ 50. Kg2 Kxe5 51. Bh4 Kf4 52. Bd5 Rc3 53. Be7 Bc6 54. Bd6+ Kf5 55. Bxc6 Rxc6 56. Bb8 Rc2+ 57. Kg3 Rc3+ 58. Kg2 Kg5 59. Bd6 Re3 60. Bc7 Kh4 61. Bd8+ Kh5 62. Bc7 Re2+ 63. Kg3 Rd2 64. Bf4 Rd3+ 65. Kg2 Kh4 66. Bh6 g3 67. Bf4 Kg4 68. Bh6 Rc3 69. Bg7 Rc2+ 70. Kh1 Kh3 71. Bh6 Rb2 0-1

[Event "POL-chT3 Wielkopolskie 1516"]
[Site "Poland"]
[Date "2016.02.07"]
[Round "5.18"]
[White "Sobierska, Wioletta"]
[Black "Kozlowska, Marzena"]
[Result "0-1"]
[WhiteElo "2021"]
[BlackElo "1902"]
[PlyCount "34"]
[EventDate "2016.01.10"]
[EventType "team-tourn"]
[EventRounds "11"]
[EventCountry "POL"]
[SourceTitle "EXT 2019"]
[Source "ChessBase"]
[SourceDate "2018.10.10"]
[SourceVersion "1"]
[SourceVersionDate "2018.10.10"]
[SourceQuality "1"]

1. e4 e6 2. d4 d5 3. exd5 exd5 4. c4 Nf6 5. Nf3 Bb4+ 6. Nc3 0-0 7. Bg5 Bg4 8. Be2 dxc4 9. 0-0 Nc6 10. d5 Bxc3 11. bxc3 Qxd5 12. Qc1 Ne4 13. Bf4 Qe5 14. Qc2 Nxc3 15. Bxc4 Bxf3 16. gxf3 Nd4 17. Qd3 Nde2+ 0-1

[Event "POL-chT3 Wielkopolskie 1516"]
[Site "Poland"]
[Date "2016.01.10"]
[Round "1.30"]
[White "Szelag, Zuzanna"]
[Black "Kozlowska, Marzena"]
[Result "0-1"]
[WhiteElo "1705"]
[BlackElo "1902"]
[PlyCount "100"]
[EventDate "2016.01.10"]
[EventType "team-tourn"]
[EventRounds "11"]
[EventCountry "POL"]
[SourceTitle "EXT 2019"]
[Source "ChessBase"]
[SourceDate "2018.10.10"]
[SourceVersion "1"]
[SourceVersionDate "2018.10.10"]
[SourceQuality "1"]

1. e4 e6 2. d4 d5 3. Nc3 dxe4 4. Nxe4 Bd7 5. Nf3 Bc6 6. Bd3 Nd7 7. 0-0 Ngf6 8. Qe2 Nxe4 9. Bxe4 Bxe4 10. Qxe4 c6 11. c4 Nf6 12. Qc2 Bd6 13. Bg5 Qc7 14. Rfe1 0-0-0 15. Rab1 h6 16. Be3 Ng4 17. h3 Nxe3 18. Rxe3 g5 19. b4 Rdg8 20. Qa4 a6 21. b5 axb5 22. cxb5 Kd7 23. bxc6+ bxc6 24. Ne5+ Bxe5 25. dxe5 Rb8 26. Qd4+ Kc8 27. Rc1 Rd8 28. Qa4 Rb6 29. Rec3 Kb7 30. Ra3 Qb8 31. Rc5 Rd5 32. Qc2 Qxe5 33. Rxd5 cxd5 34. Re3 Qb2 35. Qc5 Qb4 36. Qxb4 Rxb4 37. Kh2 Kc6 38. Kg3 d4 39. Ra3 Kd5 40. Kf3 f5 41. Ke2 Kc4 42. Kd2 Rb2+ 43. Ke1 e5 44. Ra6 e4 45. Ra4+ Kd3 46. Ra3+ Kc2 47. Ra6 Rb1+ 48. Ke2 d3+ 49. Ke3 Re1+ 50. Kd4 d2 0-1

[Event "Srem-ch LKS Piast"]
[Site "Srem"]
[Date "2015.02.22"]
[Round "3.3"]
[White "Kozlowska, Marzena"]
[Black "Skrzypczak, Michal"]
[Result "1-0"]
[WhiteElo "1863"]
[BlackElo "1973"]
[PlyCount "81"]
[EventDate "2015.02.22"]
[EventType "tourn"]
[EventRounds "9"]
[EventCountry "POL"]
[SourceTitle "EXT 2023"]
[Source "ChessBase"]
[SourceDate "2022.10.05"]
[SourceVersion "1"]
[SourceVersionDate "2022.10.05"]
[SourceQuality "1"]

1. e4 e6 2. d4 d5 3. exd5 exd5 4. Bd3 Bd6 5. Nf3 Nf6 6. 0-0 0-0 7. Bg5 Bg4 8. Nbd2 Nbd7 9. c3 c6 10. Qc2 Qc7 11. Rfe1 Rfe8 12. Bh4 Bh5 13. Bg3 Bxg3 14. hxg3 Bg6 15. Bxg6 hxg6 16. Qd3 Ng4 17. Ng5 Ndf6 18. Qf3 Re7 19. Qf4 Qd7 20. Ndf3 Rae8 21. Ne5 Nxe5 22. Rxe5 Rxe5 23. dxe5 Nh5 24. Qd4 f6 25. Nf3 fxe5 26. Nxe5 Qd6 27. Nd3 b6 28. Qg4 Re4 29. Qc8+ Kf7 30. Ne1 Qc5 31. Nf3 Re2 32. Nd4 Rxb2 33. Qe6+ Kf8 34. Qxg6 Qxc3 35. Ne6+ Ke7 36. Qxh5 Kxe6 37. Qe8+ Kf5 38. Re1 Qf6 39. Qh5+ g5 40. g4+ Kf4 41. g3+ 1-0

[Event "POL-chT3 Wielkopolskie 1415"]
[Site "Poland"]
[Date "2015.02.01"]
[Round "6.33"]
[White "Adamowicz, Maciej"]
[Black "Kozlowska, Marzena"]
[Result "1-0"]
[WhiteElo "2072"]
[BlackElo "1863"]
[PlyCount "55"]
[EventDate "2014.11.30"]
[EventType "team-tourn"]
[EventRounds "11"]
[EventCountry "POL"]
[SourceTitle "EXT 2019"]
[Source "ChessBase"]
[SourceDate "2018.10.10"]
[SourceVersion "1"]
[SourceVersionDate "2018.10.10"]
[SourceQuality "1"]

1. c4 d6 2. g3 g6 3. Bg2 Bg7 4. Nc3 Nc6 5. Nf3 e5 6. 0-0 Nge7 7. d3 0-0 8. Rb1 Be6 9. b4 Qd7 10. b5 Nd4 11. Ng5 Rab8 12. e3 Ndf5 13. Qb3 Kh8 14. Bb2 Nh6 15. Nxe6 fxe6 16. Ne2 Nhf5 17. Bh3 Ng8 18. d4 exd4 19. e4 Nfh6 20. Nxd4 Rbe8 21. c5 Rf6 22. cxd6 cxd6 23. Ne2 Rf7 24. Nf4 Rfe7 25. Bxg7+ Kxg7 26. Qb2+ Nf6 27. Rbc1 Nf7 28. Nd5 1-0

[Event "POL-chT3 Wielkopolskie 1415"]
[Site "Poland"]
[Date "2015.01.18"]
[Round "4.12"]
[White "Magnucka, Arleta"]
[Black "Kozlowska, Marzena"]
[Result "1-0"]
[WhiteElo "1855"]
[BlackElo "1863"]
[PlyCount "157"]
[EventDate "2014.11.30"]
[EventType "team-tourn"]
[EventRounds "11"]
[EventCountry "POL"]
[SourceTitle "EXT 2019"]
[Source "ChessBase"]
[SourceDate "2018.10.10"]
[SourceVersion "1"]
[SourceVersionDate "2018.10.10"]
[SourceQuality "1"]

1. e4 e6 2. d4 d5 3. e5 c5 4. c3 Nc6 5. Nf3 Bd7 6. a3 c4 7. Be3 Nge7 8. Nbd2 b5 9. b3 cxb3 10. Nxb3 Na5 11. Nc5 Nf5 12. Bg5 Qc7 13. Nxd7 Qxd7 14. a4 b4 15. Bb5 Nc6 16. cxb4 Bxb4+ 17. Bd2 Bxd2+ 18. Qxd2 a6 19. Bxc6 Qxc6 20. Qb4 Kd7 21. 0-0 Rhc8 22. g4 Nh6 23. h3 Rab8 24. Qa3 Qc3 25. Qxc3 Rxc3 26. Kg2 Rbb3 27. Nd2 Rb4 28. Rfb1 Rxd4 29. Nb3 Rdd3 30. Na5 Rc5 31. Nb7 Rc7 32. Rb6 Rd4 33. a5 Rc6 34. Rxa6 Rxa6 35. Nc5+ Kc6 36. Nxa6 Kb7 37. Nc5+ Ka7 38. Rb1 Rc4 39. Rb5 Ng8 40. a6 Ka8 41. Kf3 Ne7 42. Ke3 Nc6 43. Nd7 Nxe5 44. Nb6+ Ka7 45. Nxc4 Nxc4+ 46. Kd4 Kxa6 47. Rb8 Nd2 48. Rf8 Nf3+ 49. Ke3 Ne5 50. f4 Nc4+ 51. Kd3 Nd6 52. Rd8 Ne4 53. Ke3 Nc5 54. Rf8 f6 55. Rf7 g5 56. f5 e5 57. Rxf6+ Kb5 58. Rd6 Kc4 59. f6 d4+ 60. Ke2 Ne4 61. f7 Nxd6 62. f8Q Nb5 63. Qc8+ Kd5 64. Qb7+ Kc5 65. Kd3 Nd6 66. Qxh7 e4+ 67. Ke2 Nb5 68. Qf5+ Kc4 69. Qxg5 Nc3+ 70. Ke1 e3 71. h4 Ne4 72. Qf5 Nc5 73. h5 Nd3+ 74. Ke2 Nc1+ 75. Kd1 e2+ 76. Kd2 Nb3+ 77. Kxe2 Nc1+ 78. Kd1 Nb3 79. Qc2+ 1-0

[Event "POL-chT3 Wielkopolskie 1314"]
[Site "Poland"]
[Date "2013.12.01"]
[Round "2.12"]
[White "Kozlowska, Marzena"]
[Black "Cholewa, Maria"]
[Result "0-1"]
[WhiteElo "1915"]
[BlackElo "1861"]
[PlyCount "56"]
[EventDate "2013.10.27"]
[EventType "team-tourn"]
[EventRounds "11"]
[EventCountry "POL"]
[SourceTitle "EXT 2015"]
[Source "ChessBase"]
[SourceDate "2014.11.20"]
[SourceVersion "1"]
[SourceVersionDate "2014.11.20"]
[SourceQuality "1"]
[WhiteTeam "Srem LKS Piast"]
[BlackTeam "Poznan Politechnika II"]
[WhiteTeamCountry "POL"]
[BlackTeamCountry "POL"]

1. e4 e5 2. Nc3 Nf6 3. f4 d5 4. fxe5 Nxe4 5. Nf3 Bg4 6. Qe2 Nxc3 7. dxc3 c6 8. Be3 Nd7 9. 0-0-0 Bc5 10. h3 Bh5 11. g4 Bg6 12. Bg2 Qa5 13. Kb1 0-0-0 14. Bf4 Nb6 15. Nd4 Nc4 16. Nb3 Qb6 17. h4 Be3 18. Bg3 h5 19. gxh5 Bxh5 20. Bf3 Bxf3 21. Qxf3 Rd7 22. Bf4 Bxf4 23. Qxf4 Re8 24. Rde1 Qb5 25. Qd4 Kb8 26. Rhg1 g6 27. Rg5 Rde7 28. Qc5 Nd2+ 0-1

[Event "POL-chT 3rd League Wielkopolska 12/13"]
[Site "Poznan"]
[Date "2013.02.03"]
[Round "7.36"]
[White "Kozlowska, Marzena"]
[Black "Momot, Weronika"]
[Result "1-0"]
[WhiteElo "1921"]
[BlackElo "1439"]
[PlyCount "119"]
[EventDate "2012.11.25"]
[EventType "team-tourn"]
[EventRounds "11"]
[EventCountry "POL"]
[SourceTitle "EXT 2014"]
[Source "ChessBase"]
[SourceDate "2013.11.20"]
[SourceVersion "1"]
[SourceVersionDate "2013.11.20"]
[SourceQuality "1"]
[WhiteTeam "Srem LKS Piast"]
[BlackTeam "Konin UKS Smecz"]
[WhiteTeamCountry "POL"]
[BlackTeamCountry "POL"]

1. e4 e6 2. d4 d5 3. exd5 exd5 4. Bd3 Bd6 5. Nf3 Nc6 6. c3 Nge7 7. Bg5 Be6 8. Nbd2 Qd7 9. Qc2 f6 10. Bh4 0-0-0 11. Bg3 Bxg3 12. hxg3 Bf5 13. 0-0-0 Bxd3 14. Qxd3 g6 15. Nb3 Nf5 16. Nc5 Qf7 17. Nxb7 Kxb7 18. Qb5+ Kc8 19. Qxc6 Nd6 20. Nd2 Nb7 21. Nb3 Rd6 22. Qb5 Rb6 23. Qd3 Re8 24. Rde1 Rxe1+ 25. Rxe1 Qf8 26. Qe3 Nd8 27. Nc5 Qf7 28. Qe7 Qxe7 29. Rxe7 h5 30. Rd7 Nb7 31. Rg7 f5 32. Nxb7 Kxb7 33. Re7 Rf6 34. f3 f4 35. gxf4 Rxf4 36. Re6 g5 37. Re5 g4 38. Rxh5 gxf3 39. gxf3 Rxf3 40. Rxd5 Kc6 41. Rc5+ Kb6 42. Kc2 Rf2+ 43. Kb3 Rf4 44. Kc4 c6 45. a4 Kc7 46. b4 Kb7 47. b5 cxb5+ 48. axb5 Rf8 49. Rh5 Rc8+ 50. Kb4 Rc7 51. c4 Rd7 52. d5 Rg7 53. Rh6 Rg1 54. Kc5 Kc7 55. Rh7+ Kc8 56. Kc6 Rg6+ 57. d6 Rg8 58. Rxa7 Kb8 59. Rb7+ Ka8 60. Re7 1-0

[Event "POL-chT 3rd League Wielkopolska 12/13"]
[Site "Poznan"]
[Date "2013.01.06"]
[Round "4.12"]
[White "Sobierska, Wioletta"]
[Black "Kozlowska, Marzena"]
[Result "1/2-1/2"]
[WhiteElo "2000"]
[BlackElo "1921"]
[PlyCount "95"]
[EventDate "2012.11.25"]
[EventType "team-tourn"]
[EventRounds "11"]
[EventCountry "POL"]
[SourceTitle "EXT 2014"]
[Source "ChessBase"]
[SourceDate "2013.11.20"]
[SourceVersion "1"]
[SourceVersionDate "2013.11.20"]
[SourceQuality "1"]
[WhiteTeam "Jarocin JKSW"]
[BlackTeam "Srem LKS Piast"]
[WhiteTeamCountry "POL"]
[BlackTeamCountry "POL"]

1. e4 d5 2. exd5 Qxd5 3. Nc3 Qd6 4. Bc4 Nf6 5. Nf3 Bg4 6. d3 a6 7. Bg5 Nc6 8. h3 Bxf3 9. Qxf3 0-0-0 10. Bxf6 exf6 11. 0-0-0 Ne5 12. Qf5+ Qd7 13. Qe4 Bc5 14. Bxa6 c6 15. f4 Ng6 16. Na4 Bd4 17. c3 Ba7 18. f5 Rhe8 19. Qb4 Ne7 20. Bc4 Nxf5 21. Nc5 Bxc5 22. Qxc5 Re5 23. Qb4 Ne3 24. Rd2 Nxc4 25. Qxc4 Rde8 26. Rhd1 Qd5 27. Qxd5 Rxd5 28. d4 f5 29. c4 Rd7 30. a4 f4 31. b4 Re3 32. Rd3 Rde7 33. b5 Rxd3 34. Rxd3 Re1+ 35. Rd1 Re3 36. d5 Rc3+ 37. Kb2 Rxc4 38. bxc6 Rxa4 39. Kb3 Re4 40. Ra1 bxc6 41. dxc6 Re2 42. Ra7 Rxg2 43. Rxf7 Rg3+ 44. Kc4 f3 45. Kc5 f2 46. Rf8+ Kc7 47. Rf7+ Kc8 48. Rf8+ 1/2-1/2

[Event "POL-chT 2nd League"]
[Site "Lazy"]
[Date "2012.09.09"]
[Round "9"]
[White "Stec, Ewa"]
[Black "Kozlowska, Marzena"]
[Result "1/2-1/2"]
[WhiteElo "1988"]
[BlackElo "1913"]
[PlyCount "57"]
[EventDate "2012.09.01"]
[EventType "team-swiss"]
[EventRounds "9"]
[EventCountry "POL"]
[SourceTitle "EXT 2019"]
[Source "ChessBase"]
[SourceDate "2018.10.10"]
[SourceVersion "1"]
[SourceVersionDate "2018.10.10"]
[SourceQuality "1"]
[WhiteTeam "Dors"]
[BlackTeam "Srem LKS Piast"]
[WhiteTeamCountry "POL"]
[BlackTeamCountry "POL"]

1. e4 d5 2. exd5 Qxd5 3. Nc3 Qd6 4. Bc4 Nf6 5. d3 a6 6. a3 b5 7. Bb3 Bb7 8. Nf3 e6 9. 0-0 Be7 10. h3 c5 11. Be3 0-0 12. Qe2 Nbd7 13. Rad1 Bd8 14. Ne4 Qc6 15. Nxf6+ Bxf6 16. c3 Ne5 17. Ne1 Ng6 18. Nf3 Bd8 19. Ne1 Bc7 20. f4 Nh4 21. Qf2 Nf5 22. Bxc5 Bxf4 23. Qxf4 Qxc5+ 24. d4 Qc6 25. Rf2 Ne7 26. Qh4 Nf5 27. Qf4 Ne7 28. Qh4 Nf5 29. Qf4 1/2-1/2

[Event "POL-chT 2nd League"]
[Site "Lazy"]
[Date "2012.09.08"]
[Round "8"]
[White "Kozlowska, Marzena"]
[Black "Andrzejewska, Anna"]
[Result "0-1"]
[WhiteElo "1913"]
[BlackElo "1990"]
[PlyCount "84"]
[EventDate "2012.09.01"]
[EventType "team-swiss"]
[EventRounds "9"]
[EventCountry "POL"]
[SourceTitle "EXT 2019"]
[Source "ChessBase"]
[SourceDate "2018.10.10"]
[SourceVersion "1"]
[SourceVersionDate "2018.10.10"]
[SourceQuality "1"]
[WhiteTeam "Srem LKS Piast"]
[BlackTeam "Zielonka Zieloni"]
[WhiteTeamCountry "POL"]
[BlackTeamCountry "POL"]

1. e4 e5 2. Nf3 Nc6 3. Bb5 a6 4. Bxc6 dxc6 5. d4 exd4 6. Qxd4 Qxd4 7. Nxd4 Bd7 8. Be3 0-0-0 9. 0-0 Bd6 10. Nd2 Nf6 11. f3 Rhe8 12. c3 h6 13. Rfe1 c5 14. N4b3 b6 15. Bf2 Bc6 16. Rad1 a5 17. Nc4 Bf8 18. Ne3 Rxd1 19. Rxd1 Rd8 20. Rxd8+ Kxd8 21. Nc1 g6 22. Bh4 Be7 23. e5 Nd5 24. Bxe7+ Kxe7 25. Nxd5+ Bxd5 26. f4 f6 27. exf6+ Kxf6 28. a3 Ke6 29. Kf2 Kf5 30. g3 Ke4 31. b3 a4 32. bxa4 c4 33. Ke2 Bc6 34. Na2 Bxa4 35. Nb4 c5 36. Na6 h5 37. Nc7 Bc6 38. Na6 Kd5 39. Ke3 Kd6 40. f5 gxf5 41. Kf4 Bb7 42. Nxc5 Kxc5 0-1